|
|
|
|
| LEADER |
00640nab a2200181 i 4500 |
| 001 |
acta9895 |
| 005 |
20210323115612.0 |
| 008 |
161015s1983 hu o 0|| eng d |
| 022 |
|
|
|a 0563-587X
|
| 040 |
|
|
|a SZTE Egyetemi Kiadványok Repozitórium
|b hun
|
| 041 |
|
|
|a eng
|
| 100 |
1 |
|
|a Bába Károly
|
| 245 |
1 |
0 |
|a History of the investigation of the terrestrial snails of the Great Hungarian Plain and its present situation II.
|h [elektronikus dokumentum] /
|c Bába Károly
|
| 260 |
|
|
|c 1983
|
| 300 |
|
|
|a 85-97
|
| 490 |
0 |
|
|a Tiscia
|
| 695 |
|
|
|a Természettudomány
|
| 856 |
4 |
0 |
|u http://acta.bibl.u-szeged.hu/9895/1/tiscia_018_085-097.pdf
|z Dokumentum-elérés
|